| 000 | 01027nmm a2200301 a 4500 | ||
|---|---|---|---|
| 001 | ocm0001083742 | ||
| 003 | TR-IsHL | ||
| 005 | 20201028151633.0 | ||
| 008 | 150709s2003 tu tur | ||
| 007 | cr cn | ||
| 020 | _a9789758514403 | ||
| 035 |
_a1083742 _b(N$T) |
||
| 050 | 0 | 4 |
_aBT115 _b.D38 2003 |
| 090 | 0 | 4 |
_aBT115 _b.D38 2003 |
| 100 | 1 | _aDavud, Abdülehad | |
| 245 | 1 | 0 |
_aMüslüman olan papaz: esrar-ı iseviyye Allah bir midir, üç müdür? _h[electronic resource] / _cAbdülehad Davud ; tashih Siyami Akyel |
| 260 |
_aİstanbul : _bBedir Yayınları, _c2003 |
||
| 300 | _a162 p. | ||
| 650 | 4 | _aFelsefe, Psikoloji ve Din | |
| 650 | 4 | _aPhilosophy, Psychology and Religion | |
| 650 | 0 | _aTrinity | |
| 650 | 0 |
_aJesus Christ _x Divinity |
|
| 650 | 0 | _aTeslis | |
| 650 | 0 |
_aİsa Mesih _x Tanrı |
|
| 650 | 7 |
_aRELIGION / Biblical Studies / Bible Study Guides _2bisacsh |
|
| 700 | 1 | _aAkyel, Siyami | |
| 856 | 4 | 0 | _uhttp://search.ebscohost.com/login.aspx?direct=true&scope=site&db=e011xww&AN=1083742 |
| 999 |
_c11109 _d11109 |
||